000 00460nam a2200193Ia 4500
003 GCL
008 140319s9999 xx 000 0 eng d
040 _aGCL /
_cGCL
082 0 4 _a709.014
_bM A
100 1 _aMEEHAN, AIDAN
245 1 0 _aANIMAL PATTERNS /
_cMEEHAN, AIDAN
260 _a[S.N] :
_bTHAMES AND HUDSON ،
_c1994
300 _a160
650 0 4 _aDRAWING
650 0 4 _aANIMAL
650 0 4 _aDESIGN
650 0 4 _aDRAWING ANIMAL
942 _2ddc
_cBK
999 _c18808
_d18808